| 000 | 01185cam a22003737a 4500 | ||
|---|---|---|---|
| 003 | CHAP | ||
| 005 | 20220817043455.0 | ||
| 008 | 980930d1995 it r 11 eng d | ||
| 010 | _a76263 | ||
| 011 | _a77235 | ||
| 020 | _a9251037760 | ||
| 035 | _a86838 | ||
| 040 | _cCHAP | ||
| 082 | 0 | 4 |
_a631.4 _bF29y v.71 |
| 110 | 2 | _aFAO | |
| 245 | 1 | 0 |
_aTillage systems in the tropics : _bmanagement options and sustainability implications _c/by Rattan Lal |
| 260 |
_aRome : _bFAO, _c1995. |
||
| 300 |
_a206 p. : _bgráfs. |
||
| 490 | 0 |
_aFAO. Boletín de suelos _v; 71 |
|
| 590 |
_aBATCH-UPD _b10 _c20130110 _lUCH01 _h1007 |
||
| 590 |
_aBATCH-UPD _b10 _c20130410 _lUCH01 _h0617 |
||
| 590 |
_aBATCH-UPD _b10 _c20130913 _lUCH01 _h2220 |
||
| 590 |
_aCONVERSION _b10 _c20130109 _lUCH01 _h1342 |
||
| 650 | 1 | 4 | _aAgricultura sustentable. |
| 650 | 1 | 4 |
_aCultivos tropicales. _930383 |
| 650 | 1 | 4 |
_aLabranza. _964303 |
| 650 | 1 | 4 |
_aSistemas de cultivo. _9106746 |
| 700 | 0 |
_aLal, Rattan. _964518 |
|
| 830 | 0 |
_aFAO. Boletín de suelos _v; 71 _939455 |
|
| 901 | _aBK | ||
| 905 | _aLilia Sánchez G. | ||
| 942 | _cLIBRO | ||
| 949 |
_a631.4 F29y v.71 _bBC _cFAO _d33724000705737 _eFAO1 _gDonaciØn _h94259 _i86838 _st |
||
| 999 |
_c76263 _d76263 |
||